000 00717nam a2200205 a 4500
001 15400
003 CO-ViMGA
008 141112s2004 ck r 000 u spa d
020 _a8467001577
040 _aCO-ViMGA
_bspa
_cCO-ViMGA
082 0 4 _aR371.3 E524 - 3
100 1 _aEspasa Calpe s.a.,
_922397
245 1 0 _aEnciclopedia de pedagogía :
_bEl diseño curricular
260 _aMadríd (E),
_cEspasa Calpe,
_c2002
300 _a5 Vol.
505 _aDiseños curriculares y proyectos educativos Estrategias metodológicas Recursos didacticos y educación Evaluación y atención a la diversidad
650 1 4 _aeducación - ENCICLOPEDIAS
_922398
650 1 4 _aPEDAGOGIA - ENCICLOPEDIAS
_916714
942 _2ddc
_cBK
999 _c25733
_d25733